Towards Understanding Islam (Record no. 5794)

MARC details
000 -LEADER
fixed length control field 00244nam a2200109 4500
082 ## - DEWEY DECIMAL CLASSIFICATION NUMBER
Classification number 297.2WAF
100 ## - MAIN ENTRY--AUTHOR NAME
Personal name Wafa, Jafar
245 ## - TITLE STATEMENT
Title Towards Understanding Islam
260 ## - PUBLICATION, DISTRIBUTION, ETC. (IMPRINT)
Place of publication Karachi:
Name of publisher Zarin Publishers,
Year of publication 1993.
300 ## - PHYSICAL DESCRIPTION
Number of Pages 181p. ;
942 ## - ADDED ENTRY ELEMENTS (KOHA)
Koha item type Books
Holdings
Withdrawn status Lost status Home library Current library Date acquired Full call number Accession Number Koha item type
    Central Library, QUEST, Nawabshah Central Library, QUEST, Nawabshah 09/06/2014 297.2WAF 26804 Books